MDQL
is popping MORE tags! Check the
thread
!
Quizzes
Events
Quiz Creation
Community
Videos
Private Events
Remove Ads
Sign In
Join for FREE
Feedback
Dark Mode
Quiz Categories
Sports
Geography
Music
Movies
Television
Just For Fun
Miscellaneous
History
Literature
Language
Science
Gaming
Entertainment
Religion
Holiday
For Kids
Quiz Lab
Recent
Popular Today
Quiz Kudos Today
Editor Picks
Curator Picks
Quizzes by...
Day
Popularity
Type
Ratings
Length
Year
Community
Subscriptions
Recent Discussions
Orange Saloon
Badges
Playlists
Quests
Create
Leaderboards
Showdown
Live 5
Trivia Bingo
Activity
Puzzle Library
Sporcle Events
Private Events
Virtual Trivia
Globe League
Become a Host
Pub Owners
SporcleCon
Opinionation
Our Games
Videos
Blog
Mobile Apps
Partnerships
Remove Ads and Go Orange
Feedback
Literature
Harry Potter
A Song of Ice and Fire
The Hunger Games
Literary Character
Shakespeare
Book
Author
Novel
Poem
Young Adult
Children's Books
Play
Lord of the Rings
Literature
Harry Potter
A Song of Ice and Fire
The Hunger Games
Literary Character
Shakespeare
Book
Author
Novel
Poem
Young Adult
Children's Books
Play
Lord of the Rings
Random Quiz
Search Sporcle
×
Quiz Lab
Quiz Lab
Literature
Harry Potter
Type in answers that appear in a list
Type in answers that appear in a list
Classic
Best Score? Go Orange.
The Harry Potter Trio Quiz Stats
Can you name the items or quotes relating to the Harry Potter Trio?
By
Bowmana
10m
54 Questions
9,760 Plays
9,760 Plays
9,760 Plays
Comments
Comments
Give Quiz Kudos
Give Quiz Kudos
-
- Ratings
hide this ad
More Info
Replay
Link that replays current quiz
Next Quiz
Link to next quiz in quiz playlist
You Got
0%
They Got
Avg Score
70%
Avg Friend Score
Upgrade to see
Score Distribution
Jump to the score distribution portion of the page
Score
0/54
Timer
10:00
0
Plays Today
% Correct
Albus Severus Potter
97.4%
James Potter
95.2%
hallow
95.2%
Sirius Black
92.8%
owl
92.5%
ever
92.2%
Yule
91.5%
Petunia Dursley
91.5%
elf
89.6%
auror
89.4%
Arthur Weasley
85.4%
really
84.9%
Trelawney
84.4%
Lavender Brown
82.9%
risk
82.4%
Rose Weasley
81.6%
You
81%
rules
80.6%
library
79.9%
Errol
79.7%
spider
79.6%
Ginny (Weasley) Potter
79.2%
expelled
78.6%
life
76.9%
deluminator
76.5%
Gryffindor
76.2%
otter
76.1%
% Correct
new
75%
reason
74.5%
wedding
73.4%
man
72.8%
inherited
72.6%
butter
70.3%
arse
70.2%
Elfish
69.5%
emotional
68.6%
Hugo Weasley
66.8%
nice
66.7%
Mudblood
64.8%
Always
61.8%
tell
61.7%
normal
58.8%
jar
58.4%
nearly
57.9%
Rack
56.7%
reckon
52.5%
eyesight
50.3%
order
49.5%
Angelina Johnson/ Audrey Weasley
45.6%
explained
40%
Uranus
34.5%
Shooting Star
28.2%
icing
23.3%
Ignatius Prewett
16.2%
Quiz Playlist
Details
Report
Send in Message
Add To Playlist
More Info:
This quiz was inspired by The Dumbledore Quiz created by zhambsch: http://www.sporcle.com/games/zhambsch/the_dumbledore_quiz
Classic:
Type in answers that appear in a list
Quiz Source
Last Updated: Jun 5, 2017
Quiz Scoreboard
CHALLENGE
Sign Up to Join the Scoreboard
Show All
Scores
Hide
Comments
May contain spoilers
Recently Published
Find the 'City' Movie
by crazypaving
Movies
60s
5x2 Blitz: Bands
by SL_Kpop136
Music
30s
Colored Red Africa Blitz
by spor1
Geography
30s
More to Explore
Quiz From the Vault
Featured Blog Post
14 Easter Pick-up Lines to Find Eggs With
hide this ad
You Might Also Like...
Tags
Harry Potter Quiz
Quote Quiz
item
Relating
trio
Today's Top Quizzes in Literature
Browse Literature
hide this ad
Today's Top Quizzes in Harry Potter
Browse Harry Potter
Top Contributed Quizzes in Literature
1
Sneaky Slytherin Logic Puzzle
2
Mini Trivia Sudoku: A Song of Ice and Fire
3
The Hunger Games Logic Puzzle: Find Katniss
4
One Thing in Common: Literature II
5
Harry Potter Clickable Logic Puzzle #4
6
A Harry Potter Logic Puzzle
7
Harry Potter Video Game Releases
8
Pick 3: Harry Potter Classmates
9
Click the Dead Men
10
Silmarillion Characters by Any 3 Letters
Explore More
Trending Topics
Kpop
Crossword
Harry Potter
Marvel
Disney
NBA
Anime
NFL
Country
Puzzle
Pokémon
Song
The Office
Soccer
WWE
hide this ad
More By:
Bowmana
Quiz
Plays
Rating
Category
Featured
Created
Disappointing TV Show Endings
54,002
4.08
Television
Apr 1, 2014
The Harry Potter Trio Quiz
9,760
4.33
Literature
Jan 3, 2011
Harry Potter Top 100 by Any 3 Letters
7,873
4.80
Literature
Aug 3, 2013
Categorize the Pitch Perfect Songs
6,033
4.50
Movies
May 20, 2014
Tom Haverford's Food Slang
1,828
4.27
Television
Oct 6, 2014
Go to Creator's Profile
Score Distribution
Quiz Creator Spotlight
Bowmana
Follow
Send a Message
Quizzes Created
-
Created Quiz Play Count
-
More By This Creator
Popular Quizzes Today
1
Colored Red Africa Blitz
2
Find the 'City' Movie
3
5x2 Blitz: Bands
4
Find the US States - No Outlines Minefield
5
The Countries of the World
6
Find the US States
7
US States
8
9x9 Crossword: Cartoon Network
More Literature Quizzes
Nobel Laureates in Literature (complete)
Quiz Lab
Trending Quizzes
Colored Red Europe Blitz I
Colored Red Africa Blitz II
Colored Red Europe Blitz II
Colored Red Europe Blitz III
Colored Red Africa Blitz III
Recently Updated
Famous TV Couples
Peacemaker
Champions League XIs: Real Madrid
pecheneg
Largest US Cities 1790-2010
pecheneg
Rides in Walt Disney World
pecheneg
Most Oscar Losses (Acting)
pecheneg
Beyoncé Albums
pecheneg
Leaping Animals
pecheneg
Reality TV Shows (A-Z)
bhenderson79
Rickey Henderson's Hall of Fame Teammates
pecheneg
Champions League XIs: Arsenal
pecheneg
Trending Topics
NBA
Marvel
Harry Potter
Crossword
Disney
Kpop
Anime
Pokémon
Song
Country
NFL
Soccer
The Office
Puzzle
WWE
Your Account Isn't Verified!
In order to create a playlist on Sporcle, you need to verify the email address you used during registration. Go to your
Sporcle Settings
to finish the process.
Report this User
Report this user for behavior that violates our
Community Guidelines
.
Details:
Send Report
Go to the Sporcle.com Mobile Site →
Comments